[Event "Muensterland Verbandsliga 1920"]
[Site "Germany"]
[Date "2020.02.22"]
[Round "7.1"]
[White "Scho, Christian"]
[Black "Junker, Axel"]
[Result "1/2-1/2"]
[WhiteElo "2058"]
[BlackElo "1925"]
[PlyCount "47"]
[EventDate "2019.09.07"]
[EventType "team-tourn"]
[EventRounds "7"]
[EventCountry "GER"]
[SourceTitle "EXT 2023"]
[Source "ChessBase"]
[SourceDate "2022.10.05"]
[SourceVersion "1"]
[SourceVersionDate "2022.10.05"]
[SourceQuality "1"]
[WhiteTeam "Gescher"]
[BlackTeam "Telgte"]
[WhiteTeamCountry "GER"]
[BlackTeamCountry "GER"]

1. d4 Nf6 2. Bg5 e6 3. Nd2 h6 4. Bh4 d5 5. e3 Be7 6. Ngf3 Nbd7 7. Bd3 b6 8. c3 Bb7 9. Qb1 c5 10. b4 c4 11. Bc2 b5 12. a4 a6 13. axb5 axb5 14. Rxa8 Qxa8 15. Qb2 Ne4 16. Bxe7 Kxe7 17. 0-0 Bc6 18. Ra1 Qb7 19. Ra5 Ra8 20. Qa3 f5 21. Nf1 Kf6 22. Ne1 Kf7 23. Nf3 Kf6 24. h3 1/2-1/2

[Event "Muensterland Verbandsliga 1920"]
[Site "Germany"]
[Date "2019.11.30"]
[Round "4.1"]
[White "Scho, Christian"]
[Black "Koke, Christoph"]
[Result "1-0"]
[WhiteElo "2072"]
[BlackElo "2109"]
[PlyCount "59"]
[EventDate "2019.09.07"]
[EventType "team-tourn"]
[EventRounds "7"]
[EventCountry "GER"]
[SourceTitle "EXT 2023"]
[Source "ChessBase"]
[SourceDate "2022.10.05"]
[SourceVersion "1"]
[SourceVersionDate "2022.10.05"]
[SourceQuality "1"]
[WhiteTeam "Gescher"]
[BlackTeam "Olfen"]
[WhiteTeamCountry "GER"]
[BlackTeamCountry "GER"]

1. d4 e6 2. Nf3 Nf6 3. Bg5 c5 4. e3 Qb6 5. Qc1 Ne4 6. Bf4 d5 7. Bd3 Bd7 8. 0-0 Bb5 9. Na3 Ba6 10. c4 Nc6 11. Nb5 Rc8 12. Qb1 cxd4 13. exd4 Bxb5 14. cxb5 Nxd4 15. Nxd4 Qxd4 16. Be3 Qe5 17. f4 Qb8 18. Bxe4 dxe4 19. Qxe4 Be7 20. f5 e5 21. Rad1 b6 22. Qg4 Bf6 23. Bg5 Qc7 24. Rc1 Qd7 25. Rxc8+ Qxc8 26. Rc1 Qd8 27. Bxf6 gxf6 28. h3 h5 29. Qg7 Rf8 30. Kh2 1-0

[Event "Muensterland Verbandsliga 1819 playoff"]
[Site "Germany"]
[Date "2019.05.25"]
[Round "2.1"]
[White "Bernink, Henk"]
[Black "Scho, Christian"]
[Result "1/2-1/2"]
[WhiteElo "2034"]
[BlackElo "2068"]
[PlyCount "34"]
[EventDate "2019.05.18"]
[EventType "team-k.o."]
[EventRounds "2"]
[EventCountry "GER"]
[SourceTitle "CBM 190 Extra"]
[Source "ChessBase"]
[SourceDate "2019.07.15"]
[SourceVersion "1"]
[SourceVersionDate "2019.07.15"]
[SourceQuality "1"]
[WhiteTeam "Metelen"]
[BlackTeam "Gescher"]
[WhiteTeamCountry "GER"]
[BlackTeamCountry "GER"]

1. d4 d6 2. c4 e5 3. dxe5 dxe5 4. Qxd8+ Kxd8 5. g3 Be6 6. b3 Na6 7. Bg2 c6 8. Nf3 Nb4 9. Na3 f6 10. 0-0 Kc7 11. Ne1 Bc5 12. Nac2 Bg4 13. Bf3 Bxf3 14. exf3 Ne7 15. Be3 Bxe3 16. fxe3 Nxc2 17. Nxc2 Rhd8 1/2-1/2

[Event "Muensterland Regionalliga 1718"]
[Site "Germany"]
[Date "2018.03.17"]
[Round "7.5"]
[White "Kaufhold, Thomas"]
[Black "Scho, Christian"]
[Result "1-0"]
[WhiteElo "2000"]
[BlackElo "2065"]
[PlyCount "87"]
[EventDate "2017.09.02"]
[EventType "team-tourn"]
[EventRounds "9"]
[EventCountry "GER"]
[SourceTitle "EXT 2019"]
[Source "ChessBase"]
[SourceDate "2018.10.10"]
[SourceVersion "1"]
[SourceVersionDate "2018.10.10"]
[SourceQuality "1"]
[WhiteTeam "Muenster SK II"]
[BlackTeam "Neuenkirchen"]
[WhiteTeamCountry "GER"]
[BlackTeamCountry "GER"]

1. d4 d5 2. Nf3 Nf6 3. c4 c6 4. Nc3 a6 5. cxd5 cxd5 6. Bf4 Nc6 7. Rc1 Bf5 8. e3 Rc8 9. Nh4 Bg6 10. Qb3 Na5 11. Qd1 e6 12. Be2 Bd6 13. Bxd6 Qxd6 14. Qa4+ Nc6 15. a3 Nd7 16. 0-0 0-0 17. b4 Nb6 18. Qb3 Ne7 19. Na4 Nxa4 20. Qxa4 Nf5 21. Nxf5 Bxf5 22. Rc5 e5 23. Qb3 Qg6 24. Rfc1 exd4 25. exd4 Rcd8 26. Rc7 Rfe8 27. Bf3 Be4 28. Rxb7 Bxf3 29. Qxf3 h5 30. h3 Re6 31. Rbc7 Rf6 32. Qc3 Qf5 33. Qc2 Qf4 34. Qd3 Qxf2+ 35. Kh1 Rg6 36. Qf1 Qxd4 37. Qxf7+ Kh7 38. Qf5 Qf6 39. Qxh5+ Rh6 40. Qe2 Qf5 41. Rxg7+ Kh8 42. Rg4 Re6 43. Qb2+ Qe5 44. Qf2 1-0

[Event "NRW Class2 1314"]
[Site "Germany"]
[Date "2014.01.12"]
[Round "5.8"]
[White "Scho, Christian"]
[Black "Schaar, Axel"]
[Result "1/2-1/2"]
[WhiteElo "2108"]
[BlackElo "1783"]
[PlyCount "90"]
[EventDate "2013.09.15"]
[EventType "team-tourn"]
[EventRounds "9"]
[EventCountry "GER"]
[SourceTitle "EXT 2015"]
[Source "ChessBase"]
[SourceDate "2014.11.20"]
[SourceVersion "1"]
[SourceVersionDate "2014.11.20"]
[SourceQuality "1"]
[WhiteTeam "Neuenkirchen"]
[BlackTeam "Letmathe"]
[WhiteTeamCountry "GER"]
[BlackTeamCountry "GER"]

1. d4 Nf6 2. Bg5 Ne4 3. Bf4 c5 4. f3 Qa5+ 5. c3 Nf6 6. Nd2 cxd4 7. Nb3 Qb6 8. Qxd4 Nc6 9. Qxb6 axb6 10. Nd4 Nxd4 11. cxd4 d5 12. e3 Bd7 13. Bd3 Bc6 14. Ne2 e6 15. g4 Bb4+ 16. Kf2 0-0 17. a3 Be7 18. Nc3 Rfc8 19. Rhc1 Ne8 20. e4 dxe4 21. fxe4 Rd8 22. Be3 Bf6 23. d5 exd5 24. Bxb6 Rd7 25. exd5 Bxd5 26. Bf5 Be6 27. Bxe6 fxe6 28. Rd1 Rxd1 29. Rxd1 Bxc3 30. bxc3 Rxa3 31. Rd8 Kf7 32. Rd7+ Kg6 33. h4 Nf6 34. h5+ Kh6 35. Be3+ g5 36. Rd4 Rxc3 37. Bd2 Rc2 38. Kf3 b5 39. Rd6 Kg7 40. Bxg5 Rc3+ 41. Kf4 Rc4+ 42. Kf3 Kf7 43. Rb6 Rc3+ 44. Kg2 Nxg4 45. Rb7+ Kg8 1/2-1/2

[Event "Muensterland Verbandsliga 1213"]
[Site "Germany"]
[Date "2013.01.12"]
[Round "5.1"]
[White "Monsma, Menno"]
[Black "Scho, Christian"]
[Result "1/2-1/2"]
[WhiteElo "2040"]
[BlackElo "2093"]
[PlyCount "109"]
[EventDate "2012.09.22"]
[EventType "team-tourn"]
[EventRounds "9"]
[EventCountry "GER"]
[SourceTitle "EXT 2015"]
[Source "ChessBase"]
[SourceDate "2014.11.20"]
[SourceVersion "1"]
[SourceVersionDate "2014.11.20"]
[SourceQuality "1"]
[WhiteTeam "Gronau"]
[BlackTeam "Ochtrup"]
[WhiteTeamCountry "GER"]
[BlackTeamCountry "GER"]

1. e4 c5 2. Nf3 e6 3. d3 Nc6 4. g3 g6 5. Bg2 Bg7 6. 0-0 Nge7 7. Re1 e5 8. Be3 d6 9. Qd2 0-0 10. Nc3 Nd4 11. Ne2 f5 12. Nfxd4 cxd4 13. Bg5 f4 14. gxf4 h6 15. Bh4 exf4 16. f3 g5 17. Bf2 Nc6 18. b4 a6 19. a4 g4 20. b5 axb5 21. axb5 Rxa1 22. Rxa1 Ne5 23. Nxd4 gxf3 24. Bf1 Qg5+ 25. Kh1 Qh5 26. Ra8 Qg5 27. Qd1 Qh5 28. Qd2 Kh7 29. Bg1 Ng6 30. Qf2 Ne5 31. Nb3 Bh3 32. Rxf8 Bxf8 33. Bxh3 Qxh3 34. Nd2 Be7 35. Qf1 Qxf1 36. Nxf1 Bh4 37. Bd4 Ng4 38. h3 Bf2 39. Bxf2 Nxf2+ 40. Kh2 Nd1 41. Nd2 Ne3 42. Nxf3 Nxc2 43. Kg2 Kg6 44. Kf2 b6 45. Nh4+ Kf6 46. Nf5 d5 47. Nxh6 dxe4 48. dxe4 Ke5 49. Nf7+ Kxe4 50. Nd6+ Kd5 51. Nc8 Ke4 52. Nxb6 Nd4 53. h4 Nxb5 54. h5 Kf5 55. h6 1/2-1/2

[Event "Muensterland Verbandsliga 1112"]
[Site "Germany"]
[Date "2012.02.25"]
[Round "7.1"]
[White "Werner, Daniel"]
[Black "Scho, Christian"]
[Result "1-0"]
[WhiteElo "2121"]
[BlackElo "2097"]
[PlyCount "123"]
[EventDate "2011.09.24"]
[EventType "team-tourn"]
[EventRounds "9"]
[EventCountry "GER"]
[SourceTitle "EXT 2013"]
[Source "ChessBase"]
[SourceDate "2012.11.22"]
[SourceVersion "1"]
[SourceVersionDate "2012.11.22"]
[SourceQuality "1"]
[WhiteTeam "Ostbevern Westbevern"]
[BlackTeam "Ochtrup"]
[WhiteTeamCountry "GER"]
[BlackTeamCountry "GER"]

1. e4 c5 2. Nf3 e6 3. d4 cxd4 4. Nxd4 a6 5. Bd3 g6 6. c4 Bg7 7. Nb3 Ne7 8. Nc3 Nbc6 9. Be3 d5 10. cxd5 exd5 11. Bc5 b6 12. Ba3 d4 13. Ne2 0-0 14. 0-0 Re8 15. Qd2 Be6 16. Rfd1 Bxb3 17. axb3 Na5 18. Bc4 Nxc4 19. bxc4 Nc6 20. f3 a5 21. Rab1 Qh4 22. Bd6 Rac8 23. Bg3 Qe7 24. Nf4 Qc5 25. Nd5 h5 26. b3 b5 27. cxb5 d3+ 28. Bf2 Qxb5 29. Qxd3 Qb7 30. Rdc1 Ne5 31. Qe3 Rxc1+ 32. Rxc1 Rb8 33. Qb6 Qa8 34. Qxb8+ Qxb8 35. Rc8+ Qxc8 36. Ne7+ Kf8 37. Nxc8 Nd3 38. Bb6 Nc1 39. Bxa5 Bd4+ 40. Kf1 Nxb3 41. Bb4+ Kg7 42. Ne7 Nc1 43. Nd5 Ba7 44. Bd2 Nb3 45. Bc3+ Kf8 46. Ke2 Ke8 47. Kd3 Nc5+ 48. Kc4 Ne6 49. Be5 Kd7 50. f4 Bg1 51. f5 Nd8 52. h3 Nc6 53. Bg3 Nd4 54. fxg6 fxg6 55. Nf4 Nc2 56. Kd3 Ne3 57. Ne2 Nf1 58. Bf4 Bf2 59. Bg5 Ke8 60. Nf4 Ne3 61. Ke2 Bg1 62. Kf3 1-0

[Event "Muensterland Verbandsliga 1011"]
[Site "Germany"]
[Date "2011.02.05"]
[Round "6.2"]
[White "Scho, Christian"]
[Black "Althoff, Franz"]
[Result "1-0"]
[WhiteElo "2112"]
[BlackElo "2102"]
[PlyCount "101"]
[EventDate "2010.09.25"]
[EventType "team-tourn"]
[EventRounds "9"]
[EventCountry "GER"]
[SourceTitle "EXT 2012"]
[Source "ChessBase"]
[SourceDate "2011.11.24"]
[SourceVersion "1"]
[SourceVersionDate "2011.11.24"]
[SourceQuality "1"]
[WhiteTeam "Ochtrup"]
[BlackTeam "Ostbevern Westbevern"]
[WhiteTeamCountry "GER"]
[BlackTeamCountry "GER"]

1. d4 Nf6 2. Bg5 c5 3. Bxf6 gxf6 4. d5 Qb6 5. Qc1 f5 6. g3 Bg7 7. c3 e5 8. Bh3 Qg6 9. Nf3 Bf6 10. Na3 Qh5 11. Bg2 e4 12. Nd2 0-0 13. Ndc4 b6 14. Nb5 Ba6 15. a4 d6 16. Ncxd6 Be5 17. Nc4 Nd7 18. Qc2 Bb7 19. Rd1 Qg6 20. Ne3 a6 21. Na3 Qh5 22. Nac4 b5 23. Na5 Rab8 24. axb5 axb5 25. Nxb7 Rxb7 26. g4 fxg4 27. Bxe4 Nf6 28. Bg2 b4 29. d6 Rbb8 30. Nc4 bxc3 31. bxc3 Rfd8 32. Bc6 Rbc8 33. Bb7 Rb8 34. Bc6 Rbc8 35. Bb7 Rb8 36. Bg2 Rd7 37. Bc6 Rdd8 38. d7 Qg5 39. e3 h5 40. Kf1 Kg7 41. h4 gxh3 42. Rg1 Ng4 43. Qe4 h2 44. Qxe5+ Qxe5 45. Rxg4+ hxg4 46. Nxe5 Rb6 47. Bh1 g3 48. fxg3 Rf6+ 49. Ke2 Ra6 50. Nc6 Ra2+ 51. Kf1 1-0

[Event "Muensterland Verbandsliga 1011"]
[Site "Germany"]
[Date "2011.01.15"]
[Round "5.2"]
[White "Ringwelski, Marius"]
[Black "Scho, Christian"]
[Result "1/2-1/2"]
[WhiteElo "2030"]
[BlackElo "2112"]
[PlyCount "31"]
[EventDate "2010.09.25"]
[EventType "team-tourn"]
[EventRounds "9"]
[EventCountry "GER"]
[SourceTitle "EXT 2012"]
[Source "ChessBase"]
[SourceDate "2011.11.24"]
[SourceVersion "1"]
[SourceVersionDate "2011.11.24"]
[SourceQuality "1"]
[WhiteTeam "Sendenhorst"]
[BlackTeam "Ochtrup"]
[WhiteTeamCountry "GER"]
[BlackTeamCountry "GER"]

1. d4 d5 2. Nf3 Nf6 3. c4 c6 4. cxd5 cxd5 5. Nc3 Nc6 6. Bf4 a6 7. e3 Bg4 8. Be2 e6 9. Qb3 Bxf3 10. gxf3 Na5 11. Qa4+ Nc6 12. Rg1 Rc8 13. Qb3 Na5 14. Qa4+ Nc6 15. Qb3 Na5 16. Qa4+ 1/2-1/2

[Event "Muensterland Verbandsliga 1011"]
[Site "Germany"]
[Date "2010.12.18"]
[Round "4.1"]
[White "Wienen, Hermann"]
[Black "Scho, Christian"]
[Result "1/2-1/2"]
[WhiteElo "1974"]
[BlackElo "2112"]
[PlyCount "167"]
[EventDate "2010.09.25"]
[EventType "team-tourn"]
[EventRounds "9"]
[EventCountry "GER"]
[SourceTitle "EXT 2012"]
[Source "ChessBase"]
[SourceDate "2011.11.24"]
[SourceVersion "1"]
[SourceVersionDate "2011.11.24"]
[SourceQuality "1"]
[WhiteTeam "Heiden"]
[BlackTeam "Ochtrup"]
[WhiteTeamCountry "GER"]
[BlackTeamCountry "GER"]

1. e4 c5 2. Nf3 a6 3. d4 cxd4 4. Nxd4 Nf6 5. Bd3 e5 6. Nf3 d5 7. Nbd2 dxe4 8. Nxe4 Nxe4 9. Bxe4 Qxd1+ 10. Kxd1 Nd7 11. Bf5 f6 12. Be3 Nc5 13. Bxc8 Rxc8 14. Re1 Na4 15. Rb1 Be7 16. Bd2 Kf7 17. Re4 b5 18. Ne1 Nc5 19. Re2 Rhd8 20. f3 Rd7 21. c3 Ne6 22. g3 h5 23. h4 g6 24. Ng2 Rcd8 25. Kc2 Rc8 26. Kd1 Bf8 27. Ke1 Rd3 28. Re3 Rd5 29. Re2 Rcd8 30. Be3 Nc5 31. Rd2 Rxd2 32. Bxd2 e4 33. fxe4 Nxe4 34. Bf4 g5 35. Bc7 Rc8 36. Bb6 Nxg3 37. Rd1 Re8+ 38. Kf2 Ne4+ 39. Kf1 Re6 40. Ba7 Bd6 41. Bd4 Ng3+ 42. Kf2 Nf5 43. hxg5 fxg5 44. Ne3 Bg3+ 45. Kf3 g4+ 46. Nxg4 hxg4+ 47. Kxg4 Kg6 48. Kf3 Bc7 49. Bf2 Kf6 50. Rd7 Be5 51. Rd2 Nd6 52. Bd4 Nc4 53. Bxe5+ Rxe5 54. Rh2 Re6 55. b3 Ne5+ 56. Kf4 Ng6+ 57. Kf3 Rc6 58. Rc2 Ke5 59. Ke3 Nf4 60. Kd2 Rd6+ 61. Kc1 Nd3+ 62. Kb1 Nf4 63. a3 Ke4 64. c4 bxc4 65. Rxc4+ Ke3 66. b4 Ne2 67. Kb2 Rd2+ 68. Kb3 Nd4+ 69. Ka4 Rd3 70. Rc1 Kd2 71. Rh1 Nb5 72. Rh2+ Kc1 73. Rh1+ Kb2 74. Rh2+ Kc1 75. Rh1+ Kd2 76. Rh2+ Ke1 77. Rh1+ Kf2 78. Ra1 Nd4 79. Ra2+ Ne2 80. Ka5 Rd6 81. a4 Ke3 82. b5 axb5 83. axb5 Nd4 84. b6 1/2-1/2

[Event "Muensterland Verbandsklasse-B 0910"]
[Site "Germany"]
[Date "2009.10.24"]
[Round "2.1"]
[White "Hanewinkel, Winfried"]
[Black "Scho, Christian"]
[Result "1/2-1/2"]
[WhiteElo "1872"]
[BlackElo "2126"]
[PlyCount "121"]
[EventDate "2009.09.19"]
[EventType "team-tourn"]
[EventRounds "9"]
[EventCountry "GER"]
[SourceTitle "EXT 2011"]
[Source "ChessBase"]
[SourceDate "2010.11.26"]
[SourceVersion "1"]
[SourceVersionDate "2010.11.26"]
[SourceQuality "1"]
[WhiteTeam "Beelen"]
[BlackTeam "Ochtrup"]
[WhiteTeamCountry "GER"]
[BlackTeamCountry "GER"]

1. d4 d5 2. Nf3 Nf6 3. c4 c6 4. g3 Bg4 5. Bg2 e6 6. 0-0 Nbd7 7. b3 Bd6 8. Bb2 Qb8 9. Nbd2 0-0 10. Re1 Rd8 11. Qc1 h6 12. Bc3 Bf5 13. Qb2 b5 14. Qc1 Bh7 15. Bb2 Re8 16. Ba3 Bc7 17. cxd5 cxd5 18. Qc6 Rc8 19. Qa6 b4 20. Bb2 Bd6 21. Rec1 Nb6 22. Rxc8+ Qxc8 23. Qxc8+ Rxc8 24. Rc1 Rxc1+ 25. Bxc1 Kf8 26. e3 Ke7 27. Bf1 Kd8 28. Ne1 Kc7 29. Bd3 Bxd3 30. Nxd3 Nfd7 31. Kf1 a5 32. Ke2 Kc6 33. Nf3 f6 34. Bb2 a4 35. Nfe1 Kb5 36. Nc2 Nb8 37. Bc1 g5 38. Bd2 Nc6 39. f3 h5 40. Be1 g4 41. Nf4 Bxf4 42. gxf4 f5 43. fxg4 hxg4 44. Kd3 Nd7 45. Ke2 Nf6 46. Kd3 Ne4 47. Ke2 Nd6 48. Kd3 Nb7 49. Bd2 axb3 50. axb3 Nba5 51. Na1 Ne7 52. Kc2 Nac6 53. Kb2 Nc8 54. Kc2 Nd6 55. Be1 Na5 56. Kd3 Ne4 57. Kc2 Nc6 58. Kd3 Nd6 59. Nc2 Ne4 60. Na1 Na5 61. Kc2 1/2-1/2

[Event "Oberliga NRW 0708"]
[Site "Germany"]
[Date "2008.02.10"]
[Round "6.7"]
[White "Burchert, Wolfgang"]
[Black "Scho, Christian"]
[Result "1/2-1/2"]
[WhiteElo "2174"]
[BlackElo "2162"]
[PlyCount "52"]
[EventDate "2007.09.16"]
[EventType "team-tourn"]
[EventRounds "9"]
[EventCountry "GER"]
[SourceTitle "EXT 2009"]
[Source "ChessBase"]
[SourceDate "2008.11.26"]
[SourceVersion "1"]
[SourceVersionDate "2008.11.26"]
[SourceQuality "1"]
[WhiteTeam "Dortmund Hansa"]
[BlackTeam "Gescher"]
[WhiteTeamCountry "GER"]
[BlackTeamCountry "GER"]

1. e4 g6 2. d4 Bg7 3. Nc3 c6 4. Nf3 d5 5. exd5 cxd5 6. Bb5+ Bd7 7. Bxd7+ Qxd7 8. Ne5 Qd8 9. 0-0 Nf6 10. Bg5 0-0 11. f4 e6 12. Qd3 Qa5 13. a3 a6 14. Rad1 Qc7 15. Qh3 Ne4 16. Ng4 f5 17. Nh6+ Kh8 18. Nxe4 dxe4 19. Qb3 Nc6 20. c3 Rae8 21. d5 Na5 22. Qb4 exd5 23. Rxd5 Nc6 24. Qb3 Na5 25. Qb4 Nc6 26. Qb3 Na5 1/2-1/2

[Event "Oberliga NRW 0708"]
[Site "Germany"]
[Date "2007.09.16"]
[Round "1.8"]
[White "Scho, Christian"]
[Black "Stolte, Alexander"]
[Result "0-1"]
[WhiteElo "2162"]
[BlackElo "2191"]
[PlyCount "58"]
[EventDate "2007.09.16"]
[EventType "team-tourn"]
[EventRounds "9"]
[EventCountry "GER"]
[SourceTitle "EXT 2009"]
[Source "ChessBase"]
[SourceDate "2008.11.26"]
[SourceVersion "1"]
[SourceVersionDate "2008.11.26"]
[SourceQuality "1"]
[WhiteTeam "Gescher"]
[BlackTeam "Muenster"]
[WhiteTeamCountry "GER"]
[BlackTeamCountry "GER"]

1. d4 d6 2. e4 Nf6 3. Nc3 g6 4. g3 Bg7 5. Bg2 0-0 6. Nge2 c6 7. 0-0 d5 8. e5 Ne8 9. Be3 f6 10. f4 Bh6 11. Qd2 Ng7 12. Rad1 Nd7 13. Nc1 Nf5 14. exf6 exf6 15. Bf2 Nb6 16. N1e2 Nc4 17. Qc1 Re8 18. Rd3 Bf8 19. b3 Ba3 20. Qb1 Nce3 21. Re1 Nxg2 22. Kxg2 Nd6 23. Ng1 Bf5 24. Rxe8+ Qxe8 25. Re3 Qd7 26. h3 Bb4 27. Qd1 Bxc3 28. Rxc3 Ne4 29. Re3 Bxh3+ 0-1

[Event "Nord West Cup 7th"]
[Site "Bad Zwischenahn"]
[Date "2005.02.04"]
[Round "2"]
[White "Fish, Gennadij"]
[Black "Scho, Christian"]
[Result "1-0"]
[WhiteElo "2523"]
[BlackElo "2178"]
[PlyCount "82"]
[EventDate "2005.02.05"]
[EventType "swiss"]
[EventRounds "7"]
[EventCountry "GER"]
[SourceTitle "EXT 2019"]
[Source "ChessBase"]
[SourceDate "2018.10.10"]
[SourceVersion "1"]
[SourceVersionDate "2018.10.10"]
[SourceQuality "1"]

1. d4 d5 2. c4 c6 3. Nf3 Nf6 4. Nc3 a6 5. a4 e6 6. e3 Nbd7 7. Qc2 Bd6 8. Bd3 0-0 9. 0-0 e5 10. cxd5 cxd5 11. e4 dxe4 12. Nxe4 Nxe4 13. Bxe4 h6 14. Rd1 Qe7 15. Be3 Re8 16. Rac1 Nf6 17. dxe5 Bxe5 18. Nxe5 Qxe5 19. Bf3 Ng4 20. Qc7 Qxc7 21. Rxc7 Nxe3 22. fxe3 Rb8 23. b4 b6 24. Bc6 Rf8 25. Bd5 Bg4 26. Rd4 Bh5 27. e4 Rfc8 28. Rdc4 Rxc7 29. Rxc7 a5 30. b5 Kf8 31. g4 Bg6 32. Kf2 Ke8 33. Bc6+ Kf8 34. Ke3 h5 35. g5 f6 36. gxf6 gxf6 37. Bd5 Re8 38. Rc6 Kg7 39. Rxb6 Bxe4 40. Re6 Rxe6 41. Bxe6 Bb7 1-0

[Event "Oberliga NRW 0304"]
[Site "Germany"]
[Date "2004.01.11"]
[Round "5.8"]
[White "Boehnke, Martin"]
[Black "Scho, Christian"]
[Result "1/2-1/2"]
[WhiteElo "2225"]
[BlackElo "2177"]
[PlyCount "28"]
[EventDate "2003.09.28"]
[EventType "team-tourn"]
[EventRounds "9"]
[EventCountry "GER"]
[SourceTitle "CBM 098 Extra"]
[Source "ChessBase"]
[SourceDate "2004.03.10"]
[SourceVersion "2"]
[SourceVersionDate "2004.03.10"]
[SourceQuality "1"]
[WhiteTeam "Castrop Rauxel"]
[BlackTeam "Gesch"]
[WhiteTeamCountry "GER"]
[BlackTeamCountry "GER"]

1. d4 d5 2. c4 c6 3. Nf3 Nf6 4. cxd5 cxd5 5. Nc3 Nc6 6. Bf4 a6 7. e3 Bg4 8. Be2 e6 9. 0-0 Be7 10. h3 Bxf3 11. Bxf3 0-0 12. Rc1 Rc8 13. Na4 Nd7 14. a3 b5 1/2-1/2

[Event "Oberliga NRW 0304"]
[Site "Germany"]
[Date "2003.12.07"]
[Round "4.8"]
[White "Scho, Christian"]
[Black "Esser, Franz Josef"]
[Result "1-0"]
[WhiteElo "2177"]
[BlackElo "2092"]
[PlyCount "67"]
[EventDate "2003.09.28"]
[EventType "team-tourn"]
[EventRounds "9"]
[EventCountry "GER"]
[SourceTitle "CBM 098 Extra"]
[Source "ChessBase"]
[SourceDate "2004.03.10"]
[SourceVersion "2"]
[SourceVersionDate "2004.03.10"]
[SourceQuality "1"]
[WhiteTeam "Gesch"]
[BlackTeam "Aachen"]
[WhiteTeamCountry "GER"]
[BlackTeamCountry "GER"]

1. Nf3 Nf6 2. g3 d5 3. Bg2 Bf5 4. 0-0 h6 5. c4 c6 6. b3 e6 7. Bb2 Nbd7 8. d3 Bc5 9. Nbd2 Bh7 10. Qc2 0-0 11. a3 a5 12. Bc3 Qe7 13. Qb2 Bd6 14. Ne5 Nxe5 15. Bxe5 Bxe5 16. Qxe5 Rfd8 17. Rfc1 Rac8 18. Qc3 Qc7 19. d4 Re8 20. e3 a4 21. b4 dxc4 22. Nxc4 Ne4 23. Qe1 Nd6 24. Nb2 Ra8 25. Qd1 Nb5 26. Nxa4 e5 27. d5 Red8 28. Qb3 Rd6 29. dxc6 bxc6 30. Nc5 Rad8 31. a4 Na7 32. Rd1 Bg6 33. Bf3 e4 34. Nxe4 1-0

[Event "Oberliga NRW 0304"]
[Site "Germany"]
[Date "2003.09.28"]
[Round "1.6"]
[White "Scho, Christian"]
[Black "Matzat, Andre"]
[Result "1-0"]
[WhiteElo "2177"]
[BlackElo "2145"]
[PlyCount "49"]
[EventDate "2003.09.28"]
[EventType "team-tourn"]
[EventRounds "9"]
[EventCountry "GER"]
[SourceTitle "CBM 098 Extra"]
[Source "ChessBase"]
[SourceDate "2004.03.10"]
[SourceVersion "2"]
[SourceVersionDate "2004.03.10"]
[SourceQuality "1"]
[WhiteTeam "Gesch"]
[BlackTeam "Essen Borbeck"]
[WhiteTeamCountry "GER"]
[BlackTeamCountry "GER"]

1. d4 Nf6 2. Bg5 e6 3. e4 h6 4. Bxf6 Qxf6 5. c3 d6 6. Nd2 Nd7 7. Bc4 g6 8. Ne2 Bg7 9. 0-0 Qe7 10. f4 c6 11. Bb3 Nb6 12. Kh1 f5 13. exf5 gxf5 14. Ng3 Qf7 15. Nh5 Rg8 16. Qe2 Bd7 17. Rae1 Nd5 18. c4 Ne3 19. Qxe3 Qxh5 20. d5 e5 21. c5 Qg6 22. cxd6 e4 23. dxc6 Bd4 24. cxd7+ Kxd7 25. Qh3 1-0